LEADER 01159nam a2200277 4500 001 000000331644 003 CaOOAMICUS 005 20181214134337.0 008 181211s2001 it 000 u ita r 020 $a88-350-9491-7 040 $aSeMil$bita 100 1 $aRivoltella, Pier Cesare,$d<1964- >.$0(OLS)http://semarc/name/5038 245 10$aTeoria della comunicazione /$cPier Cesare Rivoltella. 250 $aEdizione riveduta e aggiornata 264 1$aBrescia :$bLa Scuola,$c2001. 300 $a265 p. ;$c22 cm 490 1 $aElementi di scienze dell'educazione 650 4$aComunicazione.$0(OLS)http://semarc/subject/2423 650 4$aTeoria dell'informazione.$0(OLS)http://semarc/subject/20304 830 0$aElementi di scienze dell'educazione.$0(OLS)http://semarc/title/420364 850 $aSeMil 852 $aSeMil$W1$xVenegono$y1$m2Q VII 271$j210724$B223721$CSeMilBibl$Z2$F223721 $81 996 $6020$a88-350-9491-7$9(OLS)http://semarc/number/285867 996 $6245$aTeoria della comunicazione$9(OLS)http://semarc/title/420365 996 $6264$aBrescia :$bLa Scuola$9(OLS)http://semarc/publisher/29831 LEADER 01046nam a2200217 i 4500 001 000000251403 003 CaOOAMICUS 005 20161114000000.0 008 161114s1979 it u000 u ita u 013 $a230308 040 $aSeMil$bita 100 1 $aManzi, Giuliano.$0(OLS)http://semarc/name/70931 245 10$a77 Solfeggi cantati manoscritti :$bdifficili, poliritmici e di media difficoltà con appunti per lo studio del trasporto. 3. Fascicolo /$cGiuliano Manzi. 260 $aBergamo :$bEd. Carrara,$ccopyr. 1979. 300 $a64 p. :$bnotazione musicale ;$c17x24 cm. 650 4$aSolfeggio.$0(OLS)http://semarc/subject/5346 850 $aSeMil 852 $aSeMil$W1$xVenegono$y1$m5D X 13/19$j201749$B201749$CSeMilBibl$Z2$F214115 $81 961 $aOmaggio: Colombo don Alberto 996 $6245$a77 Solfeggi cantati manoscritti :$bdifficili, poliritmici e di media difficoltà con appunti per lo studio del trasporto. 3. Fascicolo$9(OLS)http://semarc/title/353617 996 $6260$aBergamo :$bEd. Carrara$9(OLS)http://semarc/publisher/30551